| 000 | 00829nam a22002057a 4500 | ||
|---|---|---|---|
| 003 | SISC | ||
| 005 | 20170711101910.0 | ||
| 008 | 170711b xxu||||| |||| 00| 0 eng d | ||
| 020 | _a9717420874 | ||
| 050 |
_aHV 800.P3 _bP974 2003 |
||
| 245 |
_aEmerging good practices : _ba documentation of the experiences and learning of Save the Children UK's programme for abused and exploited children / _cProgram on Psychosocial Trauma and Human Rights. |
||
| 260 |
_aQuezon City : _bSC (UK) - Philippines and UP CIDS PST, _c2003. |
||
| 300 |
_a170 pages ; _c23 cm. |
||
| 650 | _aChildren -- institutional care -- Philippines. | ||
| 650 | _aChild sexual abuse -- Philippines. | ||
| 650 | _aChildren's rights. | ||
| 650 | _aChild welfare -- Philippines. | ||
| 650 | _aChildren -- Law and legislation -- Philippines. | ||
| 942 |
_2lcc _cBK |
||
| 999 |
_c339024 _d339024 |
||